000 01687nam a2200397 c 4500
003 BLK
005 20250125134837.0
008 180407b bul|||||r ||||||| ||bul||
010 _aKNG00034584000
020 _a978-954-26-0852-3
_bиздат.: Хермес
040 _aBLK
041 _aBUL
_cBUL
072 7 _2bullib
_aН86
_xДетска отраслова литература Н
080 _aСвещено писание. Библия. Стар и Нов завет
_b22
_x(02.053.2)
_z22(02.053.2)
080 _aИталианска литература
_b821.131.1
_x-93-97
_z821.131.1-93-97
700 1 _aХристова, Наталия Василева
_9367224
700 1 _aФламини, Лорела
_eил.
_9271901
139 _aБиблията в истории за най-малките
_bБ 44
245 1 0 _aБиблията в истории за най-малките
_cпрев. на итал. Наталия Василева Христова; ил. Лорела Фламини.
257 _aITA
260 Пловдив
_bХермес
_c2010
_fОтпеч. в Китай
300 _a96 с.
_bс цв. ил.
_c22 см
380 _aDN
490 1 _aЧуден свят
500 _aБез сведение за ориг. загл. - Адапт. изд.
653 _aБиблия
653 _aлитература за деца
653 _aдетска литература
659 _aН
852 _aЦб 251586
856 4 _qpdf
_u
856 4 _qpdf
_u
942 _cKNG
_n0
_010
944 _aCR
_c03.05.2011
_lРадостина Карадакова
_k30534
944 _aED
_c24.03.2017
_lф /
_kЛюдмила_Стоянова
999 _c31918
_d31918